<?xml version="1.0" encoding="UTF-8"?>
<record
    xmlns:xsi="http://www.w3.org/2001/XMLSchema-instance"
    xsi:schemaLocation="http://www.loc.gov/MARC21/slim http://www.loc.gov/standards/marcxml/schema/MARC21slim.xsd"
    xmlns="http://www.loc.gov/MARC21/slim">

  <leader>00655    a2200157   4500</leader>
  <controlfield tag="005">20250514150307.0</controlfield>
  <controlfield tag="008">250514b        |||||||| |||| 00| 0 eng d</controlfield>
  <datafield tag="020" ind1=" " ind2=" ">
    <subfield code="a">9788184154306</subfield>
  </datafield>
  <datafield tag="041" ind1=" " ind2=" ">
    <subfield code="a">Marathi </subfield>
  </datafield>
  <datafield tag="100" ind1=" " ind2=" ">
    <subfield code="a">Moorjani A.</subfield>
    <subfield code="9">211194</subfield>
  </datafield>
  <datafield tag="245" ind1=" " ind2=" ">
    <subfield code="a">&#x906;&#x923;&#x93F; &#x924;&#x94D;&#x92F;&#x93E; &#x926;&#x93F;&#x935;&#x936;&#x940; &#x92E;&#x93E;&#x91D;&#x93E; &#x92E;&#x943;&#x924;&#x94D;&#x92F;&#x942; &#x91D;&#x93E;&#x932;&#x93E;</subfield>
    <subfield code="b">: &#x915;&#x902;&#x901;&#x928;&#x94D;&#x938;&#x930; &#x92A;&#x93E;&#x938;&#x942;&#x928; &#x92E;&#x943;&#x924;&#x94D;&#x92F;&#x942;&#x92A;&#x930;&#x94D;&#x92F;&#x902;&#x924; &#x906;&#x923;&#x93F; &#x92E;&#x943;&#x924;&#x94D;&#x92F;&#x941;&#x92A;&#x93E;&#x938;&#x942;&#x928; &#x92A;&#x941;&#x928;&#x930;&#x94D;&#x91C;&#x940;&#x935;&#x93E;&#x928;&#x93E;&#x92A;&#x930;&#x94D;&#x92F;&#x902;&#x924; &#x92E;&#x93E;&#x91D;&#x93E; &#x92A;&#x94D;&#x930;&#x935;&#x93E;&#x938; </subfield>
  </datafield>
  <datafield tag="260" ind1=" " ind2=" ">
    <subfield code="b">Wow Publishing</subfield>
    <subfield code="c">2012</subfield>
  </datafield>
  <datafield tag="300" ind1=" " ind2=" ">
    <subfield code="a">240</subfield>
  </datafield>
  <datafield tag="700" ind1=" " ind2=" ">
    <subfield code="a">Kulkarni N. (TRA)</subfield>
    <subfield code="9">212109</subfield>
  </datafield>
  <datafield tag="942" ind1=" " ind2=" ">
    <subfield code="c">BK</subfield>
  </datafield>
  <datafield tag="999" ind1=" " ind2=" ">
    <subfield code="c">364927</subfield>
    <subfield code="d">364927</subfield>
  </datafield>
  <datafield tag="952" ind1=" " ind2=" ">
    <subfield code="0">0</subfield>
    <subfield code="1">0</subfield>
    <subfield code="2">ddc</subfield>
    <subfield code="4">0</subfield>
    <subfield code="7">0</subfield>
    <subfield code="a">CCEP</subfield>
    <subfield code="b">CCEP</subfield>
    <subfield code="d">2025-02-04</subfield>
    <subfield code="e">63</subfield>
    <subfield code="g">220.00</subfield>
    <subfield code="l">3</subfield>
    <subfield code="o">891.463 MUR</subfield>
    <subfield code="p">CCEP-BK-68099</subfield>
    <subfield code="q">2026-07-07</subfield>
    <subfield code="r">2026-01-08 16:32:50</subfield>
    <subfield code="s">2026-01-08</subfield>
    <subfield code="v">275.00</subfield>
    <subfield code="w">2025-02-04</subfield>
    <subfield code="y">BK</subfield>
  </datafield>
</record>
